Βιολογικά κύματα : μεταπτυχιακή εργασία
Σε αυτή την εργασία μελετάμε δύο συστήματα αντίδρασης-διάχυσης. Όταν έχουμε μία ουσία, μελετάμε την εξίσωση Fisher-kolmogorov, ενώ για δύο συστατικά, την εξίσωση Belousov-Zhabotinskii....
Αποθηκεύτηκε σε:
| Κύριος συγγραφέας: | |
|---|---|
| Συγγραφή απο Οργανισμό/Αρχή: | |
| Μορφή: | Thesis Βιβλίο |
| Γλώσσα: | Greek |
| Δημοσίευση: |
2013.
|
| Θέματα: | |
| Διαθέσιμο Online: | http://hdl.handle.net/11610/12227 |
| Ετικέτες: |
Προσθήκη ετικέτας
Δεν υπάρχουν, Καταχωρήστε ετικέτα πρώτοι!
|
MARC
| LEADER | 00000cam a2200000 i 4500 | ||
|---|---|---|---|
| 001 | 1/41616 | ||
| 008 | 140206s2013 gr | ||| |||| ||gre|| | ||
| 035 | |l 10116600 | ||
| 040 | |a GR-MyUA |b gre |e AACR2 | ||
| 041 | 0 | |a gre | |
| 082 | 0 | |a 515.353 |2 (22) | |
| 100 | 1 | |a Σουρή, Χαραλαμπία Π. | |
| 245 | 1 | 0 | |a Βιολογικά κύματα : |b μεταπτυχιακή εργασία / |c Χαραλαμπία Π. Σουρή ; επιβλέπων καθηγητής Ευάγγελος Στεφανόπουλος. |
| 260 | |c 2013. | ||
| 300 | |a xii, 39 σ. : |b σχέδια ; |c 30 εκ. | ||
| 500 | |a Μέλη της εξεταστικής επιτροπής: Ευάγγελος Στεφανόπουλος, Νικόλαος Καραχάλιος, Αθανάσιος Λυμπερόπουλος. | ||
| 502 | |a Διατριβή (μεταπτυχιακή) – Πανεπιστήμιο Αιγαίου, Σάμος, 2013. | ||
| 504 | |a Περιέχει βιβλιογραφικές αναφορές. | ||
| 506 | 1 | |a Διάθεση πλήρους κειμένου ; |d Ενδοπανεπιστημιακή δημοσίευση. | |
| 520 | |a Σε αυτή την εργασία μελετάμε δύο συστήματα αντίδρασης-διάχυσης. Όταν έχουμε μία ουσία, μελετάμε την εξίσωση Fisher-kolmogorov, ενώ για δύο συστατικά, την εξίσωση Belousov-Zhabotinskii. | ||
| 520 | |a t this thesis we study reaction-diffusion systems. When one substance is included we have the Fisher-kolmogorov equation, otherwise for two substances, the Belousov-Zhabotinskii reaction. | ||
| 540 | |a Κλειδωμένη η δυνατότητα αντιγραφής (copy) του κειμένου. | ||
| 610 | 2 | 0 | |a University of the Aegean |x Dissertations. |
| 650 | 0 | 0 | |a Reaction-diffusion equations. |
| 650 | 0 | 0 | |a Differential equations, Parabolic. |
| 650 | 0 | 0 | |a Dissertations, Academic |z Greece. |
| 700 | 1 | |a Στεφανόπουλος, Ευάγγελος |e dgs | |
| 710 | 2 | |a Πανεπιστήμιο Αιγαίου. |b Σχολή Θετικών Επιστημών. |b Τμήμα Μαθηματικών. |b Μεταπτυχιακό Πρόγραμμα Σπουδών Μαθηματική Μοντελοποίηση στις Φυσικές Επιστήμες και στις Σύγχρονες Τεχνολογίες. | |
| 852 | |a INST |b SAMOS |c DIATR |e 20140206 |h 515.353 ΣΟΥ |p 005300036384 |q 005300036384 |t MTXE |y 23 | ||
| 852 | |a INST |b SAMOS |c DIATR |e 20140206 |h 515.353 ΣΟΥ |p 005300036385 |q 005300036385 |t MTXE |y 23 | ||
| 856 | |u http://hdl.handle.net/11610/12227 | ||
| 901 | |a BIBL3-2014-1 | ||
| 909 | |a Σ |b 184591 | ||
| 909 | |a Σ |b 184592 | ||
| 924 | |a ΣΟΥΡΗ |b ΧΑΡΑΛΑΜΠΙΑ |y Σάμος |z 2013-10 | ||
| 970 | |a ΚΟΣΙΕΡΗΣ |b ΧΡΗΣΤΟΣ |z 2014/02/06 | ||